Sức mạnh của ngôn từ = Words that win

Sách gồm 20 chương với các nội dung áp dụng trong công việc, quan hệ khách hàng - nhà cung cấp và trong giao tiếp xã hội với hàng trăm gợi ý, tình huống cùng các ví dụ thực tế, sinh động với những lời khuyên, những bí quyết giao tiếp hiẹ...

Descrizione completa

Salvato in:
Dettagli Bibliografici
Autore principale: Gabor, Don
Altri autori: Kim Vân (Biên dịch)
Natura: Libro
Lingua:Vietnamese
Pubblicazione: TP Hồ Chí Minh Tổng hợp 2017
Edizione:Tái bản
Soggetti:
Tags: Aggiungi Tag
Nessun Tag, puoi essere il primo ad aggiungerne! !
Thư viện lưu trữ: Thư viện Trường Đại học Nam Cần Thơ
LEADER 01482nam a22002297a 4500
001 NCT_53925
008 181022b xxu||||| |||| 00| 0 vie d
999 |c 2585  |d 2585 
020 |a 9786045842423  |c 84000 
082 0 4 |2 23rd ed.  |a 658.45  |b G116 
100 1 |a Gabor, Don 
245 1 0 |a Sức mạnh của ngôn từ =  |b Words that win  |c Don Gabor ; Kim Vân (dịch) 
250 |a Tái bản 
260 |a TP Hồ Chí Minh  |b Tổng hợp  |c 2017 
300 |a 311 tr.  |c 21cm 
520 3 |a Sách gồm 20 chương với các nội dung áp dụng trong công việc, quan hệ khách hàng - nhà cung cấp và trong giao tiếp xã hội với hàng trăm gợi ý, tình huống cùng các ví dụ thực tế, sinh động với những lời khuyên, những bí quyết giao tiếp hiệu quả đến ngạc nhiên và thực sự hữu ích trong công việc và cuộc sống của bạn. 
653 |a Quan hệ công chúng 
700 1 |a Kim Vân  |e Biên dịch 
942 |2 ddc  |c BK 
952 |0 0  |1 0  |2 ddc  |4 0  |6 658_450000000000000_G116  |7 0  |9 14711  |a 000001  |b 000001  |d 2018-10-22  |l 5  |m 3  |o 658.45 G116  |p MD.13708  |r 2020-06-23  |s 2020-06-03  |v 84000.00  |w 2018-10-22  |y BK 
952 |0 0  |1 0  |2 ddc  |4 0  |6 658_450000000000000_G116  |7 0  |9 14712  |a 000001  |b 000001  |d 2018-10-22  |l 1  |o 658.45 G116  |p MD.13709  |r 2020-05-27  |s 2020-05-16  |v 84000.00  |w 2018-10-22  |y BK 
980 |a Thư viện Trường Đại học Nam Cần Thơ